ISO 9000 to OHAS 18001: [ISO 9000 (2000), ISO 10006, 11, 12, 13, ISO 14000, SA 8000, ISO 2859, ISO 16949, OHSAS 18001, SIX Sigma, etc. ] / (Record no. 9118)
[ view plain ]
| 000 -LEADER | |
|---|---|
| fixed length control field | 00869nac a22002291u 4500 |
| 008 - FIXED-LENGTH DATA ELEMENTS--GENERAL INFORMATION | |
| fixed length control field | 160526b xxu||||| |||| 00| 0 eng d |
| 020 ## - INTERNATIONAL STANDARD BOOK NUMBER | |
| International Standard Book Number | 818858392 : |
| 082 00 - DEWEY DECIMAL CLASSIFICATION NUMBER | |
| Classification number | 658.562 |
| Item number | ARO |
| 100 ## - MAIN ENTRY--PERSONAL NAME | |
| Personal name | Arora, K. C. |
| 245 10 - TITLE STATEMENT | |
| Title | ISO 9000 to OHAS 18001: [ISO 9000 (2000), ISO 10006, 11, 12, 13, ISO 14000, SA 8000, ISO 2859, ISO 16949, OHSAS 18001, SIX Sigma, etc. ] / |
| Statement of responsibility, etc | K. C. Arora |
| 260 ## - PUBLICATION, DISTRIBUTION, ETC. (IMPRINT) | |
| Place of publication, distribution, etc | Delhi : |
| Name of publisher, distributor, etc | S. K. Kataria & Sons,c2003. |
| Date of publication, distribution, etc | c2003. |
| 300 ## - PHYSICAL DESCRIPTION | |
| Extent | vi, 1139 p. : |
| Other physical details | ill. ; |
| Dimensions | 24 cm. |
| 500 ## - GENERAL NOTE | |
| General note | Distributer :Al Ahram. |
| 500 ## - GENERAL NOTE | |
| General note | Includes index. |
| 511 ## - PARTICIPANT OR PERFORMER NOTE | |
| Participant or performer note | Catalogued By : Sara |
| 650 #0 - SUBJECT ADDED ENTRY--TOPICAL TERM | |
| Topical term or geographic name as entry element | Quality control |
| General subdivision | Standards. |
| Source of heading or term | BUEsh |
| 650 #0 - SUBJECT ADDED ENTRY--TOPICAL TERM | |
| Topical term or geographic name as entry element | Quality assurance |
| General subdivision | Standards. |
| Source of heading or term | BUEsh |
| 650 #0 - SUBJECT ADDED ENTRY--TOPICAL TERM | |
| Topical term or geographic name as entry element | Manufactures |
| General subdivision | Quality control |
| -- | Standards. |
| Source of heading or term | BUEsh |
| 650 #0 - SUBJECT ADDED ENTRY--TOPICAL TERM | |
| Topical term or geographic name as entry element | ISO 9000 Series Standards. |
| Source of heading or term | BUEsh |
| 651 ## - SUBJECT ADDED ENTRY--GEOGRAPHIC NAME | |
| Source of heading or term | BUEsh |
| 942 ## - ADDED ENTRY ELEMENTS (KOHA) | |
| Item type | Book - Borrowing |
| Call number prefix | 658.562ARO |
| Source of classification or shelving scheme | Dewey Decimal Classification |
| Withdrawn status | Item status | Damaged status | Not for loan | Home library | Current library | Shelving location | Date acquired | Source of acquisition | Total Checkouts | Full call number | Barcode | Date last seen | Koha item type |
|---|---|---|---|---|---|---|---|---|---|---|---|---|---|
| Central Library | Central Library | First floor | 08/04/2015 | Purchase | 658.562ARO | 000010197 | 15/07/2025 | Book - Borrowing |